书目信息 |
| 题名: |
《图书分类目录导片》汉英对照类名简目
|
|
| 作者: | ;本社 编 | |
| 分册: | ||
| 出版信息: | 北京 书目文献出版社 1982 |
|
| 页数: | 64页 | |
| 开本: | 26cm | |
| 丛书名: | ||
| 单 册: | ||
| 中图分类: | G254.33 | |
| 科图分类: | ||
| 主题词: | 图书馆学 , 图书馆事业 | |
| 电子资源: | ||
| ISBN: | ||
| 000 | 00623nam0 2200217 45 | |
| 001 | 0404251568 | |
| 005 | 20040425150717.0 | |
| 010 | @dCNY0.55 | |
| 091 | @a7201.30 | |
| 100 | @a20040425d1982 km y0chiy0120 ea | |
| 101 | 0 | @achi |
| 105 | @a z 000yy | |
| 200 | 1 | @a《图书分类目录导片》汉英对照类名简目@A《Tu Shu Fen Lei Mu Lu Dao Pian》Han Ying Dui Zhao Lei Ming Jian Mu@f本社编@FBen She Bian |
| 210 | @a北京@c书目文献出版社@d1982 | |
| 215 | @a64页@d26cm | |
| 606 | 0 | @a图书馆学 |
| 606 | 0 | @a图书馆事业 |
| 690 | @aG254.33@v3 | |
| 711 | 02 | @a本社@4编 |
| 801 | @aCN@bPftUser@c20040425 | |
| 905 | @f1@b94245@dG254.33@e11 | |
| 《图书分类目录导片》汉英对照类名简目/本社编.-北京:书目文献出版社,1982 |
| 64页;26cm |
| ISBN :CNY0.55 |
| ● |
| 相关链接 |
|
|
|
|
正题名:《图书分类目录导片》汉英对照类名简目
索取号:G254.33/11
 
预约/预借
| 序号 | 登录号 | 条形码 | 馆藏地/架位号 | 状态 | 备注 |
| 1 | 0094245 | 000501914 | 密集书库/ [索取号:G254.33/11] | 在馆 | |
| 2 | 0094246 | 000501923 | 第一样本阅览室/ [索取号:G254.33/11] | 在馆 |